000 00336nam a2200133Ia 4500
008 240624s9999 xx 000 0 und d
041 _aeng
082 _a658.421 TRE
100 _aTREHAN ALPANA
245 _aENTREPRENEURSHIP
260 _c2015
_aNew Delhi
_bDreamtech wiley
300 _axviii, : 613 : p. : cm. ; 26
365 _cRS
_b33
999 _c25559
_d25559